LEADER 01157nam a2200265 i 4500 001 000000130799 003 CaOOAMICUS 005 20250311124838.0 008 070125s1974 it u000 u ita u 040 $aSeMil$bita 100 1 $aKaufmann, Walter.$0(OLS)http://semarc/name/33019 240 10$aNietzsche :$bphilosopher, psychologist, antichrist.$0(OLS)http://semarc/title/192558 245 10$aNietzsche :$bfilosofo, psicologo, anticristo /$cWalter Kaufmann ; [trad. di Roberto Vigevani]. 260 $aFirenze :$bSansoni,$c1974. 300 $a540 p. ;$c20 cm. 490 0 $aSansoni saggi ;$v30. 600 14$aNietzsche, Friedrich <1844-1900>.$0(OLS)http://semarc/subject/638 700 1 $aVigevani, Roberto.$0(OLS)http://semarc/name/54072 830 0$aSansoni saggi ;$v30.$0(OLS)http://semarc/title/12549 850 $aSeMil 852 $aSeMil$W1$xVenegono$y1$m2P IV 646$j84819$B84819$CSeMilBibl$Z2$F119462 $81 961 $aOmaggio: Altro 996 $6245$aNietzsche :$bfilosofo, psicologo, anticristo$9(OLS)http://semarc/title/192557 996 $6260$aFirenze :$bSansoni$9(OLS)http://semarc/publisher/29843 LEADER 01006nam a2200205 i 4500 001 000000009378 003 CaOOAMICUS 005 20180830125439.0 008 180830s1986 fr u000 u und u 040 $aSeMil$bita 245 14$aLes Évangiles. 260 $aParis :$bDesclée de Brouwer,$c1986. 260 $aParis :$bLes Belles Lettres,$c1986. 300 $av. ;$c21 cm. 773 0 $tNouvelle collection de textes et documents.$dParis : Les Belles Lettres, [19--]$w()9377 774 0 $tÉvangile selon Marc.$dParis : Les Belles Lettres, 1986.$kNouvelle collection de textes et documents$z2-251-32020-2$z2-220-02585-3$w()115644 774 0 $tÉvangile selon Jean.$dParis : Les Belles Lettres, 1990.$kNouvelle collection de textes et documents$z2-251-32023-7$z2-220-03174-8$w()115646 996 $6245$aLes Évangiles$9(OLS)http://semarc/title/12388 996 $6260$aParis :$bLes Belles Lettres$9(OLS)http://semarc/publisher/30422 996 $6260$aParis :$bDesclée de Brouwer$9(OLS)http://semarc/publisher/30132